[Event "Women's Speed Chess Q1"]
[Site "chess.com INT"]
[Date "2021.05.28"]
[Round "1"]
[White "Kabanova, Ekaterina"]
[Black "Cori T., Deysi"]
[Result "0-1"]
[WhiteTitle "WFM"]
[BlackTitle "WGM"]
[WhiteElo "2138"]
[BlackElo "2388"]
[WhiteFideId "24112917"]
[BlackFideId "3801934"]
[EventDate "2021.05.28"]

1. c4 Nf6 2. Nf3 e6 3. e3 b6 4. a3 Bb7 5. Be2 d5 6. Qc2 Nbd7 7. b4 c5 8. b5 d4
9. exd4 cxd4 10. Nxd4 Bxg2 11. Rg1 Bb7 12. Bb2 Nc5 13. d3 Qd7 14. Nd2 O-O-O 15.
a4 e5 16. Nc6 Bxc6 17. bxc6 Nxd3+ 18. Kf1 Qh3+ 19. Rg2 Nf4 20. Bf3 Rxd2 21. Qxd2
Qxf3 22. Rg1 Qh3+ 23. Ke1 Bb4 24. Qxb4 Nd3+ 25. Ke2 Nxb4 26. Rad1 Qh5+ 27. f3
Qxh2+ 28. Ke3 Qxb2 0-1

[Event "Women's Speed Chess Q1"]
[Site "chess.com INT"]
[Date "2021.05.28"]
[Round "1"]
[White "Zhou, Qiyu"]
[Black "Vantika, Agrawal"]
[Result "0-1"]
[WhiteTitle "FM"]
[BlackTitle "WIM"]
[WhiteElo "2229"]
[BlackElo "2286"]
[WhiteFideId "505161"]
[BlackFideId "25050389"]
[EventDate "2021.05.28"]

1. e4 c5 2. Nf3 d6 3. d4 cxd4 4. Nxd4 Nf6 5. Nc3 a6 6. Be3 e5 7. Nb3 Be6 8. h3
h6 9. f4 exf4 10. Bxf4 Nc6 11. Qd2 Nh5 12. Bh2 Be7 13. Be2 Bh4+ 14. Kd1 Ng3 15.
Bxg3 Bxg3 16. Nd5 O-O 17. c3 f5 18. Bf3 Ne5 19. Kc2 fxe4 20. Bxe4 Rf2 0-1

[Event "Women's Speed Chess Q1"]
[Site "chess.com INT"]
[Date "2021.05.28"]
[Round "1"]
[White "Koridze, Lile"]
[Black "Borisova, Ekaterina"]
[Result "1-0"]
[WhiteTitle "WFM"]
[BlackTitle "FM"]
[WhiteElo "2016"]
[BlackElo "2268"]
[WhiteFideId "13612514"]
[BlackFideId "34124184"]
[EventDate "2021.05.28"]

1. d4 Nf6 2. c4 e6 3. Nf3 c5 4. d5 exd5 5. cxd5 g6 6. Nc3 Bg7 7. Bg5 d6 8. Nd2
h6 9. Bh4 O-O 10. Nc4 b5 11. Nxb5 Qa5+ 12. Nxa5 1-0

[Event "Women's Speed Chess Q1"]
[Site "chess.com INT"]
[Date "2021.05.28"]
[Round "1"]
[White "Ovezdurdiyeva, Jemal"]
[Black "Kiran, Manisha Mohanty"]
[Result "0-1"]
[WhiteTitle "WFM"]
[BlackTitle "WGM"]
[WhiteElo "2061"]
[BlackElo "2168"]
[WhiteFideId "14001888"]
[BlackFideId "5019575"]
[EventDate "2021.05.28"]

1. d4 Nf6 2. c4 g6 3. Nc3 d5 4. Nf3 Bg7 5. Bg5 Ne4 6. Bf4 Nxc3 7. bxc3 dxc4 8.
Qa4+ c6 9. Qxc4 O-O 10. e4 Nd7 11. Bd3 a5 12. O-O a4 13. a3 Nb6 14. Qa2 Be6 15.
Qb2 Bb3 16. Nd2 e5 17. Be3 exd4 18. cxd4 c5 19. e5 cxd4 20. Bxd4 Rc8 21. Nxb3
axb3 22. Rfd1 Na4 23. Qxb3 Qxd4 24. Bb5 Qxe5 25. Bxa4 Qf4 26. Rab1 Rc3 27. Qb4
Rc4 0-1

[Event "Women's Speed Chess Q1"]
[Site "chess.com INT"]
[Date "2021.05.28"]
[Round "1"]
[White "Zaksaite, Salomeja"]
[Black "Nikolova, Adriana"]
[Result "0-1"]
[WhiteTitle "WIM"]
[BlackTitle "WGM"]
[WhiteElo "2202"]
[BlackElo "2243"]
[WhiteFideId "12801496"]
[BlackFideId "2908689"]
[EventDate "2021.05.28"]

1. e4 c6 2. Nc3 d5 3. Nf3 dxe4 4. Nxe4 Nf6 5. Nxf6+ exf6 6. d4 Bd6 7. Bd3 O-O 8.
O-O Nd7 9. c4 Re8 10. Qc2 Nf8 11. h3 Be6 12. Be3 Qd7 13. Rfd1 Bxh3 14. gxh3 Qxh3
15. Be2 Ng6 16. c5 Nh4 0-1

[Event "Women's Speed Chess Q1"]
[Site "chess.com INT"]
[Date "2021.05.28"]
[Round "1"]
[White "Nurmanova, Alua"]
[Black "Hoshino, Karen"]
[Result "1-0"]
[WhiteTitle "WFM"]
[BlackTitle "WFM"]
[WhiteElo "2008"]
[BlackElo "1836"]
[WhiteFideId "13729390"]
[BlackFideId "2137984"]
[EventDate "2021.05.28"]

1. e4 c5 2. Nf3 d6 3. d4 cxd4 4. Nxd4 Nf6 5. Nc3 a6 6. Bg5 Nbd7 7. f4 h6 8. Bxf6
Nxf6 9. e5 dxe5 10. fxe5 Nd5 11. Bc4 Ne3 12. Bxf7+ Kxf7 13. Qf3+ Ke8 14. Qxe3 e6
15. O-O Bc5 16. Rad1 Qh4 17. Kh1 Qg5 18. Qe2 Bd7 19. Nf3 Qe7 20. Ne4 Bb5 21. c4
Bc6 22. Nd4 Bxd4 23. Rxd4 Bxe4 24. Qxe4 Rf8 25. Qg6+ Rf7 26. Rdf4 Rd8 27. Rxf7
Qxf7 28. Qxf7# 1-0

[Event "Women's Speed Chess Q1"]
[Site "chess.com INT"]
[Date "2021.05.28"]
[Round "1"]
[White "Linares Napoles, Oleiny"]
[Black "Swati, Mohota"]
[Result "1-0"]
[WhiteTitle "WGM"]
[BlackTitle "WFM"]
[WhiteElo "2255"]
[BlackElo "2027"]
[WhiteFideId "3504794"]
[BlackFideId "5006511"]
[EventDate "2021.05.28"]

1. d4 d5 2. Bf4 Nf6 3. e3 e6 4. Nd2 Bd6 5. c3 O-O 6. Ngf3 c5 7. Bd3 c4 8. Bc2
Bxf4 9. exf4 Qd6 10. g3 b5 11. O-O Nc6 12. Ne5 a5 13. a3 Bd7 14. Qe2 Rfb8 15.
Ndf3 b4 16. axb4 axb4 17. Ng5 Nd8 18. Rxa8 Rxa8 19. cxb4 Qxb4 20. Nxd7 Nxd7 21.
Bxh7+ Kf8 22. Bb1 Rb8 23. f5 Qxb2 24. Qe3 c3 25. fxe6 Nxe6 26. Nxe6+ fxe6 27.
Qxe6 c2 28. Bxc2 Qxc2 29. Qxd7 Qc4 30. Qd6+ Kg8 31. Qxb8+ Kh7 32. Qe5 g6 33. Re1
Kh6 34. Qf4+ Kg7 35. Re7+ 1-0

[Event "Women's Speed Chess Q1"]
[Site "chess.com INT"]
[Date "2021.05.28"]
[Round "1"]
[White "Varney, Zoe"]
[Black "Perez Rodriguez, Jennifer"]
[Result "1-0"]
[WhiteTitle "WCM"]
[BlackTitle "WIM"]
[WhiteElo "1917"]
[BlackElo "2251"]
[WhiteFideId "436135"]
[BlackFideId "3507831"]
[EventDate "2021.05.28"]

1. e4 e5 2. Nf3 Nc6 3. Bc4 Nf6 4. Ng5 d5 5. exd5 b5 6. Bf1 Nd4 7. c3 Nxd5 8.
cxd4 Qxg5 9. Bxb5+ Kd8 10. O-O Bb7 11. f3 exd4 12. d3 Nf4 13. Bxf4 Qxf4 14. Nd2
Bd6 15. g3 Qe5 16. Ba4 h5 17. Nc4 Qf6 18. Nxd6 Qxd6 19. Qb3 Bd5 20. Qc2 h4 21.
Qf2 hxg3 22. hxg3 Rb8 23. b3 Rb6 24. Kg2 Qe5 25. Rae1 Qf5 26. Rh1 Rxh1 27. Re8# 1-0

[Event "Women's Speed Chess Q1"]
[Site "chess.com INT"]
[Date "2021.05.28"]
[Round "1"]
[White "Zakirova, Aisha"]
[Black "Kulkarni, Bhakti"]
[Result "0-1"]
[WhiteTitle "WCM"]
[BlackTitle "IM"]
[WhiteElo "1585"]
[BlackElo "2391"]
[WhiteFideId "13719734"]
[BlackFideId "5019516"]
[EventDate "2021.05.28"]

1. d4 d6 2. Nf3 Nf6 3. c4 c5 4. d5 b5 5. cxb5 a6 6. Nc3 g6 7. g3 Bg7 8. bxa6 O-O
9. Bg2 Bxa6 10. O-O Nbd7 11. Bg5 Ng4 12. Qc2 Nge5 13. Nxe5 Nxe5 14. Rab1 Ra7 15.
b3 Qa5 16. Bd2 Rc8 17. Na4 Qc7 18. Bc3 Bb5 19. Bxe5 Bxe5 20. Nc3 Bxc3 21. Qxc3
Rxa2 22. Rb2 Qa5 23. Qxa5 Rxa5 24. Rc1 Bd7 25. h4 Rb8 26. e4 Rab5 27. Rcb1 Rb4
28. Bf1 Rxe4 29. Bc4 Bb5 30. f3 Rd4 31. Bxb5 Rxb5 32. Re2 Rb7 33. Rbe1 Kf8 34.
Ra2 Rxd5 35. Ra8+ Kg7 36. Re8 e6 37. Re3 Rd2 38. Ra8 Rb2 39. Ra3 h5 40. g4 hxg4
41. fxg4 Rb4 42. Rg3 Rd4 43. Ra1 e5 44. h5 e4 45. Rf1 Rd3 46. h6+ Kxh6 47. g5+
Kg7 48. Rxd3 exd3 0-1

[Event "Women's Speed Chess Q1"]
[Site "chess.com INT"]
[Date "2021.05.28"]
[Round "1"]
[White "Vine, Elzbieta"]
[Black "Li, Xueyi"]
[Result "0-1"]
[WhiteTitle "WFM"]
[BlackTitle "WGM"]
[WhiteElo "2138"]
[BlackElo "2328"]
[WhiteFideId "1119320"]
[BlackFideId "8605912"]
[EventDate "2021.05.28"]

1. e4 c6 2. d4 d5 3. exd5 cxd5 4. Bd3 Nc6 5. Be3 g6 6. Nf3 Bg7 7. h3 Nh6 8. O-O
Nf5 9. c3 Nxe3 10. fxe3 O-O 11. Nbd2 Qb6 12. Nb3 e5 13. Be2 a5 14. Qc1 a4 15.
Nc5 e4 16. Nh2 Qd8 17. Qd1 Qg5 18. Ng4 h5 19. h4 Qxh4 20. Nf2 Bh6 21. Qd2 b6 22.
Ncxe4 dxe4 23. Bc4 Qg3 24. Bd5 Bxe3 25. Qe2 Ba6 26. c4 Nxd4 0-1

[Event "Women's Speed Chess Q1"]
[Site "chess.com INT"]
[Date "2021.05.28"]
[Round "1"]
[White "Arpita, Mukherjee"]
[Black "Vaishali, R"]
[Result "0-1"]
[WhiteTitle "WIM"]
[BlackTitle "WGM"]
[WhiteElo "2206"]
[BlackElo "2393"]
[WhiteFideId "5056403"]
[BlackFideId "5091756"]
[EventDate "2021.05.28"]

1. e4 c5 2. Nf3 Nf6 3. Nc3 d5 4. exd5 Nxd5 5. Bc4 Nxc3 6. bxc3 e6 7. O-O Qc7 8.
Qe2 Be7 9. d4 cxd4 10. cxd4 O-O 11. Bg5 Bxg5 12. Nxg5 Qf4 13. Nf3 Nc6 14. c3 b6
15. g3 Qg4 16. Nd2 Qxe2 17. Bxe2 Bb7 18. Bf3 Rac8 19. Bg2 Rc7 20. Nc4 Nxd4 21.
Bxb7 Ne2+ 22. Kg2 Rxb7 23. Nd6 Rc7 24. c4 Rd8 25. Rfd1 Nc3 26. Rd3 Ne4 27. Rad1
Rcd7 28. Nxe4 Rxd3 0-1

[Event "Women's Speed Chess Q1"]
[Site "chess.com INT"]
[Date "2021.05.28"]
[Round "1"]
[White "Assaubayeva, Bibisara"]
[Black "Petrova, Irina"]
[Result "1/2-1/2"]
[WhiteTitle "IM"]
[BlackTitle "WIM"]
[WhiteElo "2381"]
[BlackElo "2110"]
[WhiteFideId "13708694"]
[BlackFideId "14124122"]
[EventDate "2021.05.28"]

1. d4 d6 2. e4 Nf6 3. Nc3 e5 4. Nf3 Nbd7 5. Bc4 Be7 6. O-O O-O 7. Re1 c6 8. a4
h6 9. h3 Re8 10. Be3 Bf8 11. Qd2 exd4 12. Bxd4 Qc7 13. Rad1 Ne5 14. Nxe5 dxe5
15. Be3 Be6 16. Qe2 Bb4 17. Bxe6 Rxe6 18. Qc4 Qa5 19. Rd3 Bxc3 20. Rxc3 Rd8 21.
Ra1 Red6 22. b4 Rd1+ 23. Kh2 Qc7 24. Rxd1 Rxd1 25. Rd3 Rxd3 26. Qxd3 a5 27. c3
axb4 28. cxb4 Qd7 29. Qc4 b5 30. axb5 cxb5 31. Qc5 Nxe4 32. Qxe5 Qd6 33. Qxd6
Nxd6 34. f3 Nc4 35. Bc5 f5 36. Kg3 g5 37. f4 Kf7 38. Kf3 Ke6 39. fxg5 hxg5 40.
g3 g4+ 41. hxg4 Ne5+ 42. Kf4 Nxg4 43. Bd4 Nh6 44. Bc5 Ng4 45. Bd4 Nh6 46. Bc5
Ng4 1/2-1/2

[Event "Women's Speed Chess Q1"]
[Site "chess.com INT"]
[Date "2021.05.28"]
[Round "1"]
[White "February, Jesse Nikki"]
[Black "Balabayeva, Xeniya"]
[Result "0-1"]
[WhiteTitle "WIM"]
[BlackTitle "WFM"]
[WhiteElo "1824"]
[BlackElo "2178"]
[WhiteFideId "14312336"]
[BlackFideId "13719688"]
[EventDate "2021.05.28"]

1. e4 c6 2. d4 d5 3. exd5 cxd5 4. c4 dxc4 5. Bxc4 Nf6 6. Nc3 g6 7. Bf4 Bg7 8.
Nb5 Na6 9. h3 O-O 10. Nf3 Bd7 11. O-O Rc8 12. Qb3 Qb6 13. Rad1 Rxc4 14. Qxc4
Bxb5 15. Qc3 Bxf1 16. Rxf1 Nd5 17. Qd2 Nxf4 18. Qxf4 Rc8 19. Re1 e6 20. Ng5 Qc7
21. Qh4 h6 22. Nf3 Nb4 23. a3 Nd3 24. Re2 Qc1+ 25. Kh2 Qf4+ 26. g3 Qxf3 0-1

[Event "Women's Speed Chess Q1"]
[Site "chess.com INT"]
[Date "2021.05.28"]
[Round "1"]
[White "Mohota, Nisha"]
[Black "Tokhirjonova, Gulrukhbegim"]
[Result "0-1"]
[WhiteTitle "IM"]
[BlackTitle "WGM"]
[WhiteElo "2195"]
[BlackElo "2350"]
[WhiteFideId "5004330"]
[BlackFideId "14203626"]
[EventDate "2021.05.28"]

1. b3 d5 2. Bb2 Nf6 3. e3 c6 4. f4 g6 5. Nf3 Bg7 6. Be2 O-O 7. O-O Bf5 8. Nh4
Bc8 9. f5 g5 10. Nf3 h6 11. Ne5 Nbd7 12. d4 Ne4 13. Nd2 Qc7 14. Nxd7 Bxd7 15.
Nxe4 dxe4 16. c4 Rad8 17. Qc2 c5 18. Qxe4 Bc6 19. Qg4 Rd7 20. f6 exf6 21. d5 f5
22. Qxf5 Bxb2 23. dxc6 Qxc6 24. Rab1 Bg7 25. Bf3 Qe6 26. Qxc5 b6 27. Qc6 Qxe3+
28. Kh1 Rd2 29. Bd5 Rf2 30. Qb7 Bd4 31. Qxa7 Qe2 32. Qb7 Rxf1+ 33. Rxf1 Qxf1# 0-1

[Event "Women's Speed Chess Q1"]
[Site "chess.com INT"]
[Date "2021.05.28"]
[Round "1"]
[White "Sukandar, Irine Kharisma"]
[Black "Singgih, Diajeng Theresa"]
[Result "1-0"]
[WhiteTitle "IM"]
[BlackTitle "WFM"]
[WhiteElo "2413"]
[BlackElo "1972"]
[WhiteFideId "7101937"]
[BlackFideId "7104391"]
[EventDate "2021.05.28"]

1. d4 d5 2. Bf4 Nf6 3. e3 e6 4. Nf3 Bd6 5. Ne5 O-O 6. Nd2 Nbd7 7. Bd3 Qe7 8. O-O
c5 9. c3 c4 10. Bc2 Ne8 11. e4 f6 12. Nxd7 Bxd7 13. Bxd6 Qxd6 14. Re1 b5 15. Nf3
Bc6 16. e5 Qc7 17. exf6 Rxf6 18. Ng5 Qf4 19. Bxh7+ Kh8 20. Nh3 Qh4 21. Bc2 Nd6
22. Re5 Rh6 23. Qf3 Kg8 24. Rae1 Rf8 25. Qg3 Qxg3 26. hxg3 Ne4 27. Bxe4 dxe4 28.
Nf4 Rff6 29. Rc5 e5 30. Rxe5 a5 31. d5 Bb7 32. R1xe4 Rd6 33. Re8+ Kh7 34. R4e5
b4 35. R8e7 Bc8 36. Rg5 Rd7 37. Rgxg7+ Kh8 38. Rxd7 Bxd7 39. Rxd7 1-0

[Event "Women's Speed Chess Q1"]
[Site "chess.com INT"]
[Date "2021.05.28"]
[Round "1"]
[White "Sedina, Elena"]
[Black "Chitlange, Sakshi"]
[Result "0-1"]
[WhiteTitle "IM"]
[BlackTitle "WIM"]
[WhiteElo "2291"]
[BlackElo "2167"]
[WhiteFideId "812153"]
[BlackFideId "35002899"]
[EventDate "2021.05.28"]

1. e4 c6 2. d4 d5 3. Nd2 dxe4 4. Nxe4 Nf6 5. Nxf6+ exf6 6. c3 Bd6 7. Bd3 O-O 8.
Ne2 Re8 9. Qc2 h5 10. Be3 Be6 11. c4 Nd7 12. h3 Nf8 13. O-O-O b5 14. c5 Bc7 15.
Kb1 a5 16. Be4 Qd7 17. d5 Bxd5 18. Bxd5 cxd5 19. Nc3 d4 20. Bxd4 Qc6 21. Qf5
Rad8 22. Qxh5 b4 23. Ne2 Qe4+ 24. Ka1 Qxe2 25. g4 Re4 26. f3 Rexd4 27. Rc1 Rd1 0-1

[Event "Women's Speed Chess Q1"]
[Site "chess.com INT"]
[Date "2021.05.28"]
[Round "1"]
[White "Purtseladze, Maka"]
[Black "Klinova, Masha"]
[Result "0-1"]
[WhiteTitle "IM"]
[BlackTitle "IM"]
[WhiteElo "2274"]
[BlackElo "2275"]
[WhiteFideId "13602659"]
[BlackFideId "2802015"]
[EventDate "2021.05.28"]

1. d4 d6 2. Nf3 g6 3. e4 Bg7 4. Bd3 Nf6 5. Nbd2 O-O 6. h3 Nc6 7. c3 e5 8. O-O
Re8 9. d5 Ne7 10. c4 a5 11. b3 Nh5 12. Re1 Nf4 13. Nf1 Nxd3 14. Qxd3 f5 15. Ng3
Rf8 16. Bb2 h6 17. a3 f4 18. Nf1 g5 19. c5 Ng6 20. cxd6 cxd6 21. Rac1 Rf7 22.
Rc2 h5 23. h4 gxh4 24. Rec1 h3 25. N1h2 hxg2 26. Kxg2 Bg4 27. Kh1 Nh4 28. Nxh4
Qxh4 29. f3 Bh3 30. Rg1 Kh7 31. Bc3 Qe7 32. Be1 Bf6 33. Rc4 Rg8 34. Bf2 Rfg7 35.
Rxg7+ Qxg7 0-1

[Event "Women's Speed Chess Q1"]
[Site "chess.com INT"]
[Date "2021.05.28"]
[Round "1"]
[White "Ribeiro, Regina"]
[Black "Arakhamia-Grant, Ketevan"]
[Result "0-1"]
[WhiteTitle "WIM"]
[BlackTitle "GM"]
[WhiteElo "1920"]
[BlackElo "2380"]
[WhiteFideId "2100681"]
[BlackFideId "13600168"]
[EventDate "2021.05.28"]

1. Nf3 Nf6 2. b3 g6 3. Bb2 Bg7 4. e3 O-O 5. c4 c5 6. Be2 Nc6 7. O-O d6 8. d4
cxd4 9. Nxd4 a6 10. Nd2 e5 11. N4f3 Bf5 12. Nh4 Be6 13. Rc1 d5 14. cxd5 Nxd5 15.
Nhf3 Ndb4 16. a3 Nd3 17. Bxd3 Qxd3 18. Nc4 Rad8 19. Qxd3 Rxd3 20. Bxe5 Nxe5 21.
Nfxe5 Rxb3 22. Rb1 Rxb1 23. Rxb1 b5 0-1

[Event "Women's Speed Chess Q1"]
[Site "chess.com INT"]
[Date "2021.05.28"]
[Round "1"]
[White "Nguyen, Hong Anh"]
[Black "Mahalakshmi, M"]
[Result "1-0"]
[WhiteTitle "WIM"]
[BlackTitle "WIM"]
[WhiteElo "1993"]
[BlackElo "2253"]
[WhiteFideId "12406732"]
[BlackFideId "5001080"]
[EventDate "2021.05.28"]

1. d4 Nf6 2. c4 e6 3. Nf3 b6 4. g3 Ba6 5. Qc2 Bb7 6. Bg2 Bb4+ 7. Bd2 a5 8. O-O
O-O 9. Bf4 Be4 10. Qc1 a4 11. Nc3 Bxc3 12. Qxc3 d6 13. Rac1 Nbd7 14. Rfd1 Ra7
15. Ne1 Qa8 16. f3 Bb7 17. e4 Nh5 18. Be3 e5 19. Nd3 f5 20. Nf2 f4 21. gxf4 Nxf4
22. Bxf4 exf4 23. Qd2 Qd8 24. Nd3 Qh4 25. c5 bxc5 26. dxc5 Nxc5 27. Nxc5 dxc5
28. Rxc5 Ra6 29. Rxc7 Bc8 30. Qd5+ Be6 31. Qe5 Bf7 32. Qe7 Qh5 33. Rd8 Ra8 34.
Rxa8 Rxa8 35. Qc5 1-0

[Event "Women's Speed Chess Q1"]
[Site "chess.com INT"]
[Date "2021.05.28"]
[Round "1"]
[White "Gevorgyan, Maria"]
[Black "Chaves, Joara"]
[Result "1-0"]
[WhiteTitle "WGM"]
[BlackTitle "WIM"]
[WhiteElo "2219"]
[BlackElo "1901"]
[WhiteFideId "13300270"]
[BlackFideId "2100622"]
[EventDate "2021.05.28"]

1. e4 e5 2. Nf3 Nc6 3. Bc4 Bc5 4. d3 d6 5. c3 Nf6 6. Bb3 h6 7. Nbd2 O-O 8. O-O
a6 9. Bc2 Ba7 10. Re1 Ne7 11. Nf1 Ng6 12. Ng3 Nf4 13. Bxf4 exf4 14. Ne2 g5 15.
d4 Bg4 16. Nd2 Re8 17. f3 Bh5 18. Kh1 Qd7 19. Nf1 Kh8 20. Qd2 Rg8 21. Nxf4 gxf4
22. Qxf4 Kg7 23. e5 Nh7 24. Bf5 Qd8 25. Qe4 Bg6 26. Bxg6 fxg6 27. Qxb7 Bb6 28.
Ng3 Qh4 29. exd6 Rac8 30. Re7+ Kh8 31. Rae1 Nf6 32. dxc7 Bxc7 33. Rxc7 Rxc7 34.
Qxc7 Nh5 35. Qe5+ Kh7 36. d5 1-0

[Event "Women's Speed Chess Q1"]
[Site "chess.com INT"]
[Date "2021.05.28"]
[Round "1"]
[White "Makhija, Aashna"]
[Black "Divya, Deshmukh"]
[Result "1-0"]
[WhiteTitle "WIM"]
[BlackTitle "WIM"]
[WhiteElo "1969"]
[BlackElo "2305"]
[WhiteFideId "25011944"]
[BlackFideId "35006916"]
[EventDate "2021.05.28"]

1. e4 c5 2. Nf3 d6 3. d4 cxd4 4. Nxd4 Nf6 5. Nc3 Nc6 6. f3 e5 7. Nb3 Be6 8. Nd5
Rc8 9. c3 Nxe4 10. fxe4 Qh4+ 11. Kd2 Qxe4 12. Ne3 g6 13. Bd3 Qh4 14. g3 Qe7 15.
Qf3 f5 16. Bc4 Bxc4 17. Nxc4 e4 18. Qe2 d5 19. Ne3 d4 20. Nxd4 Nxd4 21. cxd4
Qb4+ 22. Kd1 Qxd4+ 23. Ke1 Bb4+ 24. Kf2 O-O 25. Rd1 Qb6 26. Kg2 Bc5 27. Nd5 Qe6
28. Bh6 Rfd8 29. Nf4 Qf7 30. Rxd8+ Rxd8 31. Rd1 Re8 32. Rd5 1-0

[Event "Women's Speed Chess Q1"]
[Site "chess.com INT"]
[Date "2021.05.28"]
[Round "1"]
[White "Avramidou, Anastasia"]
[Black "Mrudul, Dehankar"]
[Result "1-0"]
[WhiteTitle "FM"]
[BlackTitle "WIM"]
[WhiteElo "2238"]
[BlackElo "2256"]
[WhiteFideId "4239873"]
[BlackFideId "25096990"]
[EventDate "2021.05.28"]

1. d4 Nf6 2. c4 e6 3. Nc3 Bb4 4. Bd2 b6 5. Nf3 Bb7 6. e3 Bxc3 7. Bxc3 Ne4 8. Rc1
d6 9. Bd3 O-O 10. Qc2 f5 11. O-O Nd7 12. Rfd1 Qe8 13. Be2 Qg6 14. d5 e5 15. b4
c6 16. dxc6 Bxc6 17. Be1 Rac8 18. a4 Ndf6 19. c5 bxc5 20. bxc5 Ba8 21. Qa2+ Kh8
22. cxd6 Rxc1 23. Rxc1 Nxd6 24. Qe6 Nf7 25. Rc8 Rg8 26. Rxg8+ Nxg8 27. Qxg6 hxg6
28. Bc4 Ngh6 29. Bc3 Bxf3 30. gxf3 Nd6 31. Bd5 Nhf7 32. Kf1 Kh7 33. Ke2 Kh6 34.
Bb4 Kg5 35. Bc5 a6 36. Bb3 Kf6 37. Bc2 1-0

[Event "Women's Speed Chess Q1"]
[Site "chess.com INT"]
[Date "2021.05.28"]
[Round "1"]
[White "Nomin-Erdene, Davaademberel"]
[Black "Grigoryan, Meri"]
[Result "1-0"]
[WhiteTitle "IM"]
[BlackTitle "WFM"]
[WhiteElo "2382"]
[BlackElo "2044"]
[WhiteFideId "4900782"]
[BlackFideId "13300571"]
[EventDate "2021.05.28"]

1. f4 d5 2. Nf3 Nc6 3. g3 Nf6 4. Bg2 Bg4 5. Ne5 Qd6 6. Nxg4 Nxg4 7. O-O O-O-O 8.
Nc3 Qc5+ 9. e3 d4 10. Qxg4+ f5 11. Ne4 Qa5 12. Qh3 Nb4 13. Ng5 Nxc2 14. Rb1 g6
15. b4 Qxa2 16. Rb2 Qc4 17. g4 dxe3 18. dxe3 Bg7 19. gxf5 Bxb2 20. fxg6+ Kb8 21.
Bxb2 hxg6 22. Bxh8 Nxb4 23. Qf3 c6 24. Be5+ Ka8 25. Rd1 Nd3 26. Qe2 a5 27. Be4 1-0

[Event "Women's Speed Chess Q1"]
[Site "chess.com INT"]
[Date "2021.05.28"]
[Round "1"]
[White "Kiolbasa, Oliwia"]
[Black "Fernandez, Maria Florencia"]
[Result "1-0"]
[WhiteTitle "WIM"]
[BlackTitle "WIM"]
[WhiteElo "2255"]
[BlackElo "2229"]
[WhiteFideId "1154613"]
[BlackFideId "116459"]
[EventDate "2021.05.28"]

1. e4 c5 2. Nf3 d6 3. d4 cxd4 4. Nxd4 Nf6 5. Nc3 g6 6. Be3 Bg7 7. f3 O-O 8. Qd2
Nc6 9. g4 Be6 10. Nxe6 fxe6 11. O-O-O Qc8 12. h4 Ne5 13. Be2 Nc4 14. Bxc4 Qxc4
15. h5 b5 16. Kb1 b4 17. Ne2 Rac8 18. hxg6 hxg6 19. Bh6 Rf7 20. Nf4 Bxh6 21.
Rxh6 g5 22. Nh3 Nh7 23. Nxg5 Nxg5 24. Qxg5+ Rg7 25. Qd2 a5 26. Rdh1 a4 27. Rh8+
Kf7 28. Qf4+ Kg6 29. R1h6# 1-0

[Event "Women's Speed Chess Q1"]
[Site "chess.com INT"]
[Date "2021.05.28"]
[Round "1"]
[White "Szente Varga, Fruzsina"]
[Black "Eswaran, Ashritha"]
[Result "0-1"]
[WhiteTitle "WFM"]
[BlackTitle "WIM"]
[WhiteElo "2100"]
[BlackElo "2244"]
[WhiteFideId "712264"]
[BlackFideId "2080788"]
[EventDate "2021.05.28"]

1. e4 c6 2. d4 d5 3. Nc3 dxe4 4. Nxe4 Nf6 5. Nxf6+ exf6 6. Be3 Bd6 7. Qd2 O-O 8.
O-O-O Re8 9. Kb1 Nd7 10. Bd3 b5 11. g4 Nf8 12. g5 f5 13. h4 Qc7 14. Ne2 Ne6 15.
Bxf5 Nxg5 16. Bxc8 Ne4 17. Qd3 Raxc8 18. Rdg1 Qe7 19. Nf4 Nxf2 20. Bxf2 Bxf4 21.
Rg4 Bh6 22. Rhg1 f6 23. a3 Kh8 24. Be1 Qe2 25. Qg3 Qd1+ 26. Ka2 Qxc2 27. Bc3 Re3
28. Qd6 Rxc3 29. R4g2 Qb3+ 30. Ka1 Rc1+ 31. Rxc1 Bxc1 32. Qd7 Rg8 33. Qxc6 Be3
34. d5 Bd4 35. Kb1 Be5 36. Qb7 Qd3+ 37. Ka2 Qc4+ 38. b3 Qe4 39. Rd2 Qe1 0-1

[Event "Women's Speed Chess Q1"]
[Site "chess.com INT"]
[Date "2021.05.28"]
[Round "1"]
[White "Varshini, V"]
[Black "Shuvalova, Polina"]
[Result "0-1"]
[WhiteTitle "WGM"]
[BlackTitle "IM"]
[WhiteElo "2226"]
[BlackElo "2484"]
[WhiteFideId "5091241"]
[BlackFideId "24171760"]
[EventDate "2021.05.28"]

1. e4 c5 2. Nc3 Nc6 3. Nge2 g6 4. d4 cxd4 5. Nxd4 Bg7 6. Be3 d6 7. Be2 Nf6 8.
O-O O-O 9. h3 Bd7 10. f4 Rc8 11. Nb3 a6 12. Bf3 b5 13. a3 Na5 14. Nxa5 Qxa5 15.
Qd2 Rfd8 16. Qf2 Rb8 17. e5 Ne8 18. Ba7 e6 19. Bxb8 Rxb8 20. Rad1 d5 21. Ne2 Qc7
22. c3 a5 23. Kh1 Qd8 24. Nd4 Nc7 25. g4 Na8 26. Bg2 Qe7 27. f5 Bxe5 28. f6 Qd6
29. Qh4 Nb6 30. Nf3 Bg3 31. Qh6 Qf8 32. Qe3 Nc4 33. Qd3 Bc7 34. b3 Nb2 35. Qe3
Nxd1 36. Rxd1 Qxa3 37. b4 Bd6 38. Qa7 Be8 39. Qa6 Bf8 40. Qxa5 Qxc3 41. Nd4 Bxb4
42. Qa2 Rc8 43. Qe2 Bd7 44. Nf3 Bd6 45. Nd4 Qg3 46. Bf3 Rc4 47. Ra1 Rxd4 0-1